00350nam a2200121Ia 4500008004100000082002200041100002300063245002300086260004000109300000900149630001800158650005200176211118s9999||||xx |||||||||||||| ||und|| a894.812107bNAR-V aNarayanan, Akavoor 0aVenmani Prasthanam bNational Book StallaKottayamc2000 a355p xGeneral Stack aMalayalam LiteraturevMalayalam PoetryMalayalam